Referendum vo svete informatívna štúdia
Salvato in:
| Autore principale: | |
|---|---|
| Natura: | Libro |
| Lingua: | slovacco |
| Pubblicazione: |
Bratislava
Inštitút pre verejné otázky
1997
|
| Edizione: | 1. vyd. |
| Serie: | Rozhľady
|
| Soggetti: | |
| Tags: |
Nessun Tag, puoi essere il primo ad aggiungerne!!
|
MARC
| LEADER | 00000nam a2200000 4500 | ||
|---|---|---|---|
| 001 | c019063 | ||
| 005 | 20221128073743.1 | ||
| 020 | |a 80-967739-0-9 | ||
| 041 | 0 | |a slo | |
| 044 | |a SK | ||
| 245 | 1 | 0 | |a Referendum vo svete |b informatívna štúdia |c Daniel Bútora |
| 250 | |a 1. vyd. | ||
| 264 | 1 | |a Bratislava |b Inštitút pre verejné otázky |c 1997 | |
| 300 | |a 23 s. | ||
| 490 | 1 | |a Rozhľady | |
| 830 | 0 | |a Rozhľady | |
| 610 | 2 | 0 | |a referendum |
| 610 | 2 | 0 | |a svet |
| 610 | 2 | 0 | |a Slovensko |
| 610 | 2 | 0 | |a demokracia |
| 610 | 2 | 0 | |a politika |
| 610 | 2 | 0 | |a Švajčiarsko |
| 610 | 2 | 0 | |a štúdie |
| 100 | 1 | |a Bútora, Daniel | |